000 00927cab a2200241 4500
001 ABS48621
008 090401t1993 xxu||||| |||| 00| 0 eng d
035 _a(Sirsi) u67612
041 _aeng
100 _aWhitmore, J.
245 _aTrading property debt
260 _c1993
350 _a0
490 _aCSW - The Property Week
_v43(7) 13 May 1993, 22-23(2)
520 _aWith the amount of outstanding debt to the UK property sector at £38bn according to Government statistics this article questions whether we might follow the US lead and set up a secondary market trading in distressed property debt. A few examples of this have already been seen in the UK, i.e. Wellington shopping centre in Aldershot.
650 _aBANK LENDING
650 _aPROPERTY DEBT
650 _aSHOPPING CENTRES
690 _aPROPERTY-PROPERTY FINANCE AND INVESTMENT
700 _aSouth, G.
942 _n0
948 _c04/03/1997
999 _c42313
_d42313